00593 a2200193 4500001000700000020003300007020002500040041000800065082001000073250001000083300001100093490002100104830002100125856002400146040002500170245010000195260003100295700007300326110198 a9780329823146 (Follett bdg.) a9780545103770 (pbk.) aeng a[Fic] a. ed. a100 p. aGeronimo Stilton aGeronimo Stilton u000018/000018e3.jpg aBR-BrIDEAcBR-BrIDEA10aSave the white whale!c Riccardo Sisti, and Christian Aliprandi illustrations by Sara Copercini aNew YorkbScholasticc2011 aSara Copercini, Riccardo Sisti, and Christian AliprandieIllustrated